TV Show Exits (2012) Quiz Stats

Quiz Updated Oct 9, 2014

Challenge
Share
Tweet
Score 0/15 Timer 06:00
5 Plays Today
Column TV Show % Correct
House
98.1%
Jersey Shore
79.3%
CSI: Miami
77.7%
Weeds
71%
Cash Cab
68.3%
Dog the Bounty Hunter
67.9%
Desperate Housewives
66.7%
Dirty Jobs
65.2%
Column TV Show % Correct
Man v. Food
60.8%
Chuck
55%
iCarly
54%
Gossip Girl
46.6%
The Closer
45.8%
Wizards of Waverly Place
39.8%
Anthony Bourdain: No Reservations
25.4%

You're not logged in!

Compare scores with friends on all Sporcle quizzes.
Join for Free
OR
Log In

You Might Also Like...

Show Comments

Extras

Top Quizzes Today


Score Distribution

Your Account Isn't Verified!

In order to create a playlist on Sporcle, you need to verify the email address you used during registration. Go to your Sporcle Settings to finish the process.

Report this User

Report this user for behavior that violates our Community Guidelines.

Details: